Ảnh hưởng của Fructooligosacharide trong thức ăn lên một số chỉ tiêu sinh lý và tăng trưởng của lươn (Monopterus albus, Zuiew 1973) : Luận văn tốt nghiệp Cao học. Chuyên ngành Nuôi trồng Thủy sản

Đánh giá ảnh hưởng của việc bổ sung FOS vào thức ăn thông qua một số chỉ tiêu sinh lý máu, tốc độ tăng trưởng của lươn nhằm góp phần vào việc nâng cao năng suất mô hình nuôi lươn.

Saved in:
Bibliographic Details
Main Author: Trịnh, Thị Thanh Hòa
Format: Book
Language:Undetermined
Published: Cần Thơ Trường Đại học Cần Thơ 2017
Subjects:
Tags: Add Tag
No Tags, Be the first to tag this record!
Institutions: Trung tâm Học liệu Trường Đại học Cần Thơ
LEADER 01173nam a2200193Ia 4500
001 CTU_224385
008 210402s9999 xx 000 0 und d
082 |a 639.37 
082 |b H401 
100 |a Trịnh, Thị Thanh Hòa 
245 0 |a Ảnh hưởng của Fructooligosacharide trong thức ăn lên một số chỉ tiêu sinh lý và tăng trưởng của lươn (Monopterus albus, Zuiew 1973) : 
245 0 |b Luận văn tốt nghiệp Cao học. Chuyên ngành Nuôi trồng Thủy sản 
245 0 |c Trịnh Thị Thanh Hòa ; Đỗ Thị Thanh Hương (Cán bộ hướng dẫn) 
260 |a Cần Thơ 
260 |b Trường Đại học Cần Thơ 
260 |c 2017 
520 |a Đánh giá ảnh hưởng của việc bổ sung FOS vào thức ăn thông qua một số chỉ tiêu sinh lý máu, tốc độ tăng trưởng của lươn nhằm góp phần vào việc nâng cao năng suất mô hình nuôi lươn. 
650 |a Amphibian culture,Nuôi động vật lưỡng cư 
980 |a Trung tâm Học liệu Trường Đại học Cần Thơ